[Event "Worcester Game Octos"]
[Site "Worcester"]
[Date "1995.04.23"]
[Round "3"]
[White "Cicovacki, Predrag"]
[Black "Messenger, Robert"]
[Result "1-0"]
[WhiteElo "2315"]
[BlackElo "1914"]
[PlyCount "87"]
[EventDate "1995.04.23"]
[EventType "swiss"]
[EventRounds "3"]
[EventCountry "USA"]
[SourceTitle "EXT 2005"]
[Source "ChessBase"]
[SourceDate "2004.11.15"]
[SourceVersion "1"]
[SourceVersionDate "2004.11.15"]
[SourceQuality "1"]

1. d4 Nf6 2. c4 g6 3. Nc3 Bg7 4. e4 d6 5. f3 0-0 6. Be3 Nc6 7. Nge2 a6 8. a3 Nd7 9. b4 Nb6 10. Qd3 e6 11. g3 d5 12. cxd5 exd5 13. Bg2 Be6 14. 0-0 Qd7 15. e5 Bh3 16. Bxh3 Qxh3 17. Rac1 Rad8 18. Bg5 f6 19. exf6 Bxf6 20. Nf4 Qd7 21. Bxf6 Rxf6 22. Rce1 g5 23. Ng2 Re8 24. Ne3 Rfe6 25. Ng4 Qg7 26. Rxe6 Rxe6 27. Rd1 h5 28. Ne3 Ne7 29. Rf1 Qg6 30. Qxg6+ Rxg6 31. Kf2 Re6 32. Re1 Kf7 33. Ncd1 Kf6 34. Nb2 Nf5 35. Nc2 Rxe1 36. Kxe1 h4 37. Kf2 hxg3+ 38. hxg3 Nc4 39. Nd3 b6 40. a4 a5 41. bxa5 bxa5 42. Nc5 Ke7 43. g4 Nfd6 44. Ke2 1-0

[Event "Ivan Parcetic Memorial-09"]
[Site "Sombor"]
[Date "1980.09.26"]
[Round "13"]
[White "Spiridonov, Nikola"]
[Black "Cicovacki, Predrag"]
[Result "1/2-1/2"]
[WhiteElo "2470"]
[BlackElo "2250"]
[PlyCount "22"]
[EventDate "1980.09.12"]
[EventType "tourn"]
[EventRounds "13"]
[EventCountry "YUG"]
[EventCategory "7"]
[SourceTitle "EXT 2003"]
[Source "ChessBase"]
[SourceDate "2002.11.25"]
[SourceVersion "1"]
[SourceVersionDate "2002.11.25"]
[SourceQuality "1"]

1. Nf3 Nf6 2. c4 b6 3. d4 e6 4. Bf4 Bb7 5. e3 Be7 6. h3 c5 7. dxc5 Bxc5 8. Nc3 Bb4 9. Qb3 Qe7 10. a3 Bxc3+ 11. Qxc3 0-0 1/2-1/2

[Event "Ivan Parcetic Memorial-09"]
[Site "Sombor"]
[Date "1980.09.22"]
[Round "10"]
[White "Vukic, Milan"]
[Black "Cicovacki, Predrag"]
[Result "1-0"]
[WhiteElo "2460"]
[BlackElo "2250"]
[PlyCount "59"]
[EventDate "1980.09.12"]
[EventType "tourn"]
[EventRounds "13"]
[EventCountry "YUG"]
[EventCategory "7"]
[SourceTitle "EXT 2003"]
[Source "ChessBase"]
[SourceDate "2002.11.25"]
[SourceVersion "1"]
[SourceVersionDate "2002.11.25"]
[SourceQuality "1"]

1. d4 Nf6 2. c4 e6 3. Nf3 b6 4. g3 Ba6 5. b3 Bb4+ 6. Bd2 Be7 7. Bg2 c6 8. Bc3 d5 9. Nbd2 Nbd7 10. 0-0 0-0 11. Re1 c5 12. e4 dxc4 13. bxc4 cxd4 14. Nxd4 Ne5 15. Nxe6 fxe6 16. Bxe5 Bb4 17. Bf4 Bxd2 18. Bxd2 Bxc4 19. e5 Nd5 20. Qg4 Qc8 21. Bh6 Rf7 22. Rac1 b5 23. Bxd5 exd5 24. e6 Re7 25. Bg5 Qe8 26. Bxe7 Qxe7 27. a3 Rd8 28. Qd4 Rd6 29. Qc5 Kf8 30. Rc3 1-0

[Event "Ivan Parcetic Memorial-09"]
[Site "Sombor"]
[Date "1980.09.17"]
[Round "6"]
[White "Begovac, Franja"]
[Black "Cicovacki, Predrag"]
[Result "1/2-1/2"]
[WhiteElo "2375"]
[BlackElo "2250"]
[PlyCount "25"]
[EventDate "1980.09.12"]
[EventType "tourn"]
[EventRounds "13"]
[EventCountry "YUG"]
[EventCategory "7"]
[SourceTitle "EXT 2003"]
[Source "ChessBase"]
[SourceDate "2002.11.25"]
[SourceVersion "1"]
[SourceVersionDate "2002.11.25"]
[SourceQuality "1"]

1. d4 Nf6 2. c4 g6 3. Nc3 d5 4. cxd5 Nxd5 5. e4 Nxc3 6. bxc3 c5 7. Bc4 Bg7 8. Ne2 0-0 9. 0-0 Nc6 10. Be3 cxd4 11. cxd4 Na5 12. Rc1 Nxc4 13. Rxc4 1/2-1/2

[Event "Ivan Parcetic Memorial-09"]
[Site "Sombor"]
[Date "1980.09.14"]
[Round "3"]
[White "Cicovacki, Predrag"]
[Black "Tringov, Georgi Petrov"]
[Result "0-1"]
[WhiteElo "2250"]
[BlackElo "2455"]
[PlyCount "108"]
[EventDate "1980.09.12"]
[EventType "tourn"]
[EventRounds "13"]
[EventCountry "YUG"]
[EventCategory "7"]
[SourceTitle "EXT 2003"]
[Source "ChessBase"]
[SourceDate "2002.11.25"]
[SourceVersion "1"]
[SourceVersionDate "2002.11.25"]
[SourceQuality "1"]

1. d4 Nf6 2. c4 g6 3. Nc3 Bg7 4. e4 d6 5. f3 0-0 6. Be3 Nbd7 7. Qd2 c5 8. d5 Re8 9. Nh3 a6 10. Be2 Nb6 11. Nf2 Bd7 12. 0-0 Qc7 13. f4 Na4 14. Nxa4 Bxa4 15. e5 dxe5 16. fxe5 Qxe5 17. Nd3 Qc7 18. Nxc5 Bd7 19. Nxd7 Nxd7 20. Bd4 a5 21. Rad1 Bxd4+ 22. Qxd4 Qc5 23. b3 Ra6 24. Bg4 Qxd4+ 25. Rxd4 Nc5 26. Rdf4 f5 27. Bd1 Rd6 28. g4 e5 29. dxe6 Nxe6 30. R4f2 Ng5 31. Kg2 Red8 32. Bf3 Nxf3 33. Rxf3 fxg4 34. Rf4 Rd2+ 35. R1f2 Rxf2+ 36. Rxf2 Kg7 37. c5 h5 38. Rc2 Kh6 39. a3 Rd3 40. b4 axb4 41. axb4 Rb3 42. Rc4 Kg5 43. Rd4 h4 44. Rd5+ Kh6 45. Rd4 h3+ 46. Kf2 Kh5 47. Rc4 Rb2+ 48. Kg1 Rb1+ 49. Kf2 Rh1 50. b5 Rxh2+ 51. Ke3 g3 52. Rc1 g2 53. Kf2 Rh1 54. Rg1 Kg4 0-1